| 000 | 00395nam a2200157Ia 4500 | ||
|---|---|---|---|
| 008 | 230917s9999||||xx |||||||||||||| ||und|| | ||
| 040 |
_e114954 _aMAIN |
||
| 041 | _aEnglish | ||
| 082 | _a005.1 P926S | ||
| 100 | _aPressman, Roger S | ||
| 245 | 0 | _aSoftware engineering: A practioner's approach | |
| 250 | _a6th ed. | ||
| 260 |
_aBoston _bMcGraw-Hill _c2005 |
||
| 300 | _a912 p. | ||
| 942 | _cBK | ||
| 999 |
_c141547 _d141547 |
||